[Event "CN Seniori 2012"]
[Site "Sarata Monteoru/Romania"]
[Date "2012.02.19"]
[Round "9.10"]
[White "Petrisor, Adrian-Marian"]
[Black "Miroiu, George-Catalin"]
[Result "1/2-1/2"]
[WhiteElo "2385"]
[BlackElo "2342"]
[PlyCount "119"]
[EventDate "2012.??.??"]
[TimeControl "40/5400+30:900+30"]

1. d4 d5 2. c4 c6 3. Nc3 Nf6 4. Bg5 e6 5. e3 h6 6. Bh4 Be7 7. Bd3 dxc4 8. Bxc4
Nbd7 9. Nf3 b5 10. Bd3 Bb7 11. O-O O-O 12. a3 a6 13. b4 Nd5 14. Bxe7 Qxe7 15.
Ne4 e5 16. dxe5 Nxe5 17. Nxe5 Qxe5 18. Nc5 Bc8 19. Qd2 Ra7 20. Rac1 Rd8 21.
Rfe1 Re7 22. Nb3 Red7 23. Nd4 Ne7 24. Qc2 Rd6 25. Be4 Bd7 26. f4 Qf6 27. Qc5
Nd5 28. Bxd5 cxd5 29. Nf3 Bf5 30. Qd4 Qe6 31. Rc7 Be4 32. Ne5 Rc8 33. Rxc8+
Qxc8 34. Qd2 f6 35. Rc1 Qe6 36. Nd3 d4 37. Nc5 Qd5 38. exd4 Qxd4+ 39. Qxd4 Rxd4
40. Kf2 Bf5 41. Ke3 Rd6 42. h3 h5 43. Ke2 Kf7 44. Kf3 h4 45. Ke3 Rd5 46. Rc3
Rd6 47. Nb7 Rd7 48. Nc5 Rd6 49. Nb3 Re6+ 50. Kf2 Rd6 51. Ke3 Re6+ 52. Kf3 Rd6
53. Nc5 g5 54. fxg5 fxg5 55. Re3 Rf6 56. Ke2 Be6 57. Rf3 Rxf3 58. Kxf3 Bc8 59.
Ke3 Kg6 60. Ke4 1/2-1/2

[Event "CN Seniori 2012"]
[Site "Sarata Monteoru/Romania"]
[Date "2012.02.19"]
[Round "9.11"]
[White "Gilea, Lucian"]
[Black "Parligras, Mircea-Emilian"]
[Result "1-0"]
[WhiteElo "2261"]
[BlackElo "2650"]
[PlyCount "109"]
[EventDate "2012.??.??"]
[TimeControl "40/5400+30:900+30"]

1. d4 Nf6 2. Nf3 e6 3. g3 c5 4. Bg2 Nc6 5. O-O cxd4 6. Nxd4 Qb6 7. Nb3 d5 8.
Nc3 Bb4 9. e4 d4 10. e5 Nd7 11. Ne2 Ndxe5 12. Nexd4 O-O 13. c3 Be7 14. Qe2 Bd7
15. Be3 Qd8 16. Rfd1 Qc8 17. Nb5 a6 18. Nd6 Qc7 19. Nxb7 Qxb7 20. f4 Ng6 21.
Na5 Qc8 22. Nc4 Bd8 23. Rxd7 Qxd7 24. Rd1 Qc8 25. f5 exf5 26. Bc5 Nce7 27. b4
Rb8 28. h4 h5 29. Qxh5 Qe6 30. Ne3 Bc7 31. Nd5 Bxg3 32. Nxe7+ Nxe7 33. Qg5 Rbd8
34. Rxd8 Qe1+ 35. Bf1 Rxd8 36. Qxe7 Bh2+ 37. Kxh2 Rd2+ 38. Bg2 Re2 39. Qd8+ Re8
40. Qg5 Re6 41. Qg3 Qe2 42. Bd4 Rg6 43. Qf2 Qe7 44. Kg1 Qe6 45. a4 Qd7 46. a5
Rg4 47. h5 f4 48. Qe2 Rg3 49. Kf2 Qd8 50. Qe4 Qg5 51. Qe8+ Kh7 52. Be4+ f5 53.
Qg6+ Qxg6 54. hxg6+ Kxg6 55. Bd5 1-0

[Event "CN Seniori 2012"]
[Site "Sarata Monteoru/Romania"]
[Date "2012.02.19"]
[Round "9.13"]
[White "Florescu, Codrut-Constantin"]
[Black "Bonte, Andrei-Mihai"]
[Result "1-0"]
[WhiteElo "2282"]
[BlackElo "2380"]
[PlyCount "48"]
[EventDate "2012.??.??"]
[TimeControl "40/5400+30:900+30"]

1. e4 c5 2. Nf3 Nc6 3. d4 cxd4 4. Nxd4 Nf6 5. Nc3 d6 6. Bc4 e6 7. Be3 Be7 8.
Qe2 O-O 9. O-O-O Qc7 10. Rhg1 a6 11. g4 b5 12. Bb3 Nxd4 13. Rxd4 Nd7 14. g5 Nc5
15. e5 dxe5 16. Rh4 Bb7 17. Rg3 Rfd8 18. Rxh7 Nxb3+ 19. axb3 Ba3 20. Qh5 Kf8
21. g6 Qxc3 22. Rh8+ Ke7 23. Bg5+ f6 24. Bxf6+ gxf6 1-0

[Event "CN Seniori 2012"]
[Site "Sarata Monteoru/Romania"]
[Date "2012.02.19"]
[Round "9.14"]
[White "Dragomirescu, Robin-Alexandru"]
[Black "Baciu, Stefan"]
[Result "1-0"]
[WhiteElo "2340"]
[BlackElo "2222"]
[PlyCount "95"]
[EventDate "2012.??.??"]
[TimeControl "40/5400+30:900+30"]

1. e4 d6 2. d4 Nf6 3. Nc3 e5 4. Nf3 Nbd7 5. Bc4 Be7 6. O-O O-O 7. Re1 c6 8. a4
h6 9. b3 Re8 10. Bb2 Qc7 11. Bd3 Nf8 12. Ne2 Ng6 13. Ng3 Bf8 14. h3 Bd7 15. Qd2
Rad8 16. Nf5 Bc8 17. a5 d5 18. Ng3 Nxe4 19. Nxe4 dxe4 20. Bxe4 f5 21. Bd3 e4
22. Bc4+ Kh7 23. Nh2 Bd6 24. Nf1 f4 25. Be2 f3 26. gxf3 Bxh3 27. fxe4 Rxe4 28.
Bh5 Rde8 29. d5 c5 30. Bf3 Rxe1 31. Rxe1 Rxe1 32. Qxe1 Bf5 33. Ne3 Qe7 34. Kf1
Bh3+ 35. Ke2 Bd7 36. Kd1 Be5 37. Ba3 Qf6 38. Be4 Bc3 39. Qg1 Qd4+ 40. Bd3 Be8
41. Kc1 Bxa5 42. Kb1 Bd8 43. Bb2 Qf4 44. Nf5 c4 45. bxc4 Bg5 46. Qe1 Bf7 47.
Nxg7 Bf6 48. Nh5 1-0

[Event "CN Seniori 2012"]
[Site "Sarata Monteoru/Romania"]
[Date "2012.02.19"]
[Round "9.15"]
[White "Spulber, Cicirone"]
[Black "Posedaru, Bogdan"]
[Result "1/2-1/2"]
[WhiteElo "2244"]
[BlackElo "2337"]
[PlyCount "50"]
[EventDate "2012.??.??"]
[TimeControl "40/5400+30:900+30"]

1. c4 e5 2. Nc3 Nc6 3. g3 g6 4. Bg2 Bg7 5. Nf3 d6 6. d3 h6 7. Rb1 Nf6 8. b4 a6
9. a4 Be6 10. b5 axb5 11. axb5 Ne7 12. Bb2 Qd7 13. Ra1 O-O 14. O-O Bh3 15. e4
Nh5 16. Rxa8 Rxa8 17. Ne1 c6 18. Nc2 cxb5 19. Nxb5 Ra2 20. Ba3 Nf4 21. gxf4
Rxc2 22. Qxc2 Bxg2 23. Kxg2 Qg4+ 24. Kh1 Qf3+ 25. Kg1 Qg4+ 1/2-1/2

[Event "CN Seniori 2012"]
[Site "Sarata Monteoru/Romania"]
[Date "2012.02.19"]
[Round "9.16"]
[White "Stanciu, Alexandru-Ovidiu"]
[Black "Telea, Stefan"]
[Result "1-0"]
[WhiteElo "2314"]
[BlackElo "2112"]
[PlyCount "63"]
[EventDate "2012.??.??"]
[TimeControl "40/5400+30:900+30"]

1. d4 Nf6 2. c4 g6 3. Nc3 d5 4. cxd5 Nxd5 5. e4 Nxc3 6. bxc3 Bg7 7. Bg5 c5 8.
Rc1 O-O 9. Nf3 cxd4 10. cxd4 Bg4 11. d5 h6 12. Be3 e6 13. Bc4 b5 14. Bb3 a5 15.
a4 bxa4 16. Bxa4 exd5 17. exd5 Nd7 18. h3 Bxf3 19. Qxf3 Ne5 20. Qd1 Qh4 21. O-O
Nc4 22. Bc6 Nxe3 23. fxe3 Ra7 24. Rf4 Qe7 25. Qd3 Be5 26. Rfc4 f5 27. Ba4 f4
28. Qxg6+ Bg7 29. exf4 Qe3+ 30. Kh1 Raf7 31. Qe6 Qa3 32. Be8 1-0

[Event "CN Seniori 2012"]
[Site "Sarata Monteoru/Romania"]
[Date "2012.02.19"]
[Round "9.17"]
[White "Horvat, Dan-Sebastian"]
[Black "Voiteanu, Gabriel"]
[Result "1-0"]
[WhiteElo "2197"]
[BlackElo "2304"]
[PlyCount "87"]
[EventDate "2012.??.??"]
[TimeControl "40/5400+30:900+30"]

1. e4 e5 2. Bc4 Nf6 3. Nf3 Nxe4 4. Nc3 Nxc3 5. dxc3 f6 6. Nh4 g6 7. f4 Qe7 8.
f5 Qg7 9. O-O c6 10. b4 d5 11. Be2 Bd6 12. c4 Qf7 13. cxd5 cxd5 14. Bf3 d4 15.
c4 Nc6 16. Ba3 Ne7 17. c5 Bc7 18. Qa4+ Kd8 19. b5 g5 20. b6 Bb8 21. c6 bxc6 22.
Bxe7+ Qxe7 23. Qxc6 axb6 24. Qxa8 Qa7 25. Qc6 Ke7 26. Rab1 Bd7 27. Qxb6 Qxb6
28. Rxb6 gxh4 29. Rc1 d3 30. Rb7 Kd6 31. Be4 Rg8 32. Rd1 Bc6 33. Rxd3+ Kc5 34.
Rc3+ Kd4 35. Rxc6 Kxe4 36. Rcb6 h3 37. Rxb8 Rxg2+ 38. Kh1 Rxa2 39. Rb1 Kxf5 40.
R8b3 h5 41. Rxh3 e4 42. Rf1+ Ke6 43. Rxh5 e3 44. Re1 1-0

[Event "CN Seniori 2012"]
[Site "Sarata Monteoru/Romania"]
[Date "2012.02.19"]
[Round "9.18"]
[White "Varlan, Hervig-Ioan"]
[Black "Dobre, Claudiu-Cristian"]
[Result "0-1"]
[WhiteElo "2184"]
[BlackElo "2354"]
[PlyCount "56"]
[EventDate "2012.??.??"]
[TimeControl "40/5400+30:900+30"]

1. d4 d5 2. Nf3 Nf6 3. c4 c6 4. e3 Bg4 5. h3 Bxf3 6. Qxf3 e6 7. Nc3 Bb4 8. Qd1
O-O 9. Qb3 Qe7 10. Be2 dxc4 11. Qxc4 Nbd7 12. a3 Bd6 13. f4 c5 14. O-O Rac8 15.
Qb3 cxd4 16. exd4 Nb6 17. Bf3 Bb8 18. Ne4 Nxe4 19. Bxe4 Rfd8 20. Be3 Nd5 21.
Rad1 g6 22. Bc1 Qc7 23. Qg3 Qb6 24. Qg5 Rxc1 25. Bxg6 hxg6 26. Rxc1 Qxd4+ 27.
Kh1 Nxf4 28. Rc4 Qd5 0-1

[Event "CN Seniori 2012"]
[Site "Sarata Monteoru/Romania"]
[Date "2012.02.19"]
[Round "9.19"]
[White "Bida, Mihai-Eugen"]
[Black "Ciobanu, Aurelian"]
[Result "1/2-1/2"]
[WhiteElo "2183"]
[BlackElo "2276"]
[PlyCount "26"]
[EventDate "2012.??.??"]

1. e4 e6 2. d4 d5 3. Nc3 Bb4 4. e5 b6 5. Qg4 Bf8 6. Nf3 Qd7 7. Be2 Ba6 8. Bxa6
Nxa6 9. O-O Ne7 10. h4 h5 11. Qf4 Nf5 12. Nd1 Be7 13. Qh2 c5 1/2-1/2

[Event "CN Seniori 2012"]
[Site "Sarata Monteoru/Romania"]
[Date "2012.02.19"]
[Round "9.20"]
[White "Pessi, Emil-George"]
[Black "Manole, Stefan"]
[Result "1-0"]
[WhiteElo "2272"]
[BlackElo "2082"]
[PlyCount "47"]
[EventDate "2012.??.??"]

1. e4 c6 2. Nc3 d5 3. Nf3 Bg4 4. h3 Bxf3 5. Qxf3 e6 6. g3 Nf6 7. Bg2 Bb4 8. e5
Nfd7 9. Qg4 Bf8 10. Qe2 d4 11. Nb1 Qg5 12. O-O Qxe5 13. Qd1 Nf6 14. d3 Qc7 15.
Nd2 Bd6 16. Nc4 Nbd7 17. a4 Nb6 18. Nxd6+ Qxd6 19. Bf4 Qc5 20. a5 Nbd5 21. Be5
a6 22. Ra4 Ne3 23. Bxd4 Qb5 24. c4 1-0

[Event "CN Seniori 2012"]
[Site "Sarata Monteoru/Romania"]
[Date "2012.02.19"]
[Round "9.21"]
[White "Stegariu, Alexandru"]
[Black "Mosnegutu, Klauss"]
[Result "0-1"]
[WhiteElo "2122"]
[BlackElo "2246"]
[PlyCount "120"]
[EventDate "2012.??.??"]

1. d4 Nf6 2. c4 e6 3. Nf3 Bb4+ 4. Nbd2 Ne4 5. e3 f5 6. Be2 b6 7. O-O Bxd2 8.
Nxd2 O-O 9. f3 Nf6 10. e4 d6 11. exf5 exf5 12. Nb3 a5 13. Be3 Re8 14. Bf2 Nh5
15. Qd2 f4 16. Rfe1 a4 17. Nc1 Nc6 18. Bd3 Rxe1+ 19. Qxe1 Bd7 20. Ne2 Qf6 21.
Be4 Re8 22. Qd2 Ne7 23. Nc3 Qg5 24. d5 Ng6 25. Bxg6 Qxg6 26. Re1 Rxe1+ 27. Qxe1
h6 28. Ne4 Bh3 29. Qf1 Bf5 30. Qe2 Bxe4 31. fxe4 Nf6 32. e5 f3 33. Qf1 dxe5 34.
Bg3 fxg2 35. Qe1 Nd7 36. Bxe5 c6 37. Bg3 cxd5 38. cxd5 Nc5 39. d6 Qd3 40. Kxg2
Qd5+ 41. Kg1 Ne4 42. Qc1 Qd4+ 43. Kg2 Nxd6 44. Bxd6 Qxd6 45. Qc4+ Kf8 46. Qxa4
Qd2+ 47. Kg1 Qc1+ 48. Kg2 Qxb2+ 49. Kg1 Qc1+ 50. Kf2 Qd2+ 51. Kg1 Qg5+ 52. Kh1
Qd5+ 53. Kg1 b5 54. Qf4+ Kg8 55. Qb8+ Kh7 56. Qb6 Qd1+ 57. Kg2 Qc2+ 58. Kg3
Qg6+ 59. Qxg6+ Kxg6 60. Kf4 Kf6 0-1

[Event "CN Seniori 2012"]
[Site "Sarata Monteoru/Romania"]
[Date "2012.02.19"]
[Round "9.22"]
[White "Craciun, Ovidiu"]
[Black "Daianu, Cristian-Clement"]
[Result "0-1"]
[WhiteElo "2060"]
[BlackElo "2242"]
[PlyCount "58"]
[EventDate "2012.??.??"]

1. e4 c5 2. Nf3 d6 3. d4 cxd4 4. Nxd4 Nf6 5. Nc3 a6 6. Be2 e6 7. Qd3 Be7 8. Qg3
O-O 9. Bh6 Ne8 10. O-O-O Nc6 11. h4 Nxd4 12. Rxd4 e5 13. Rd2 Be6 14. f4 Kh8 15.
f5 gxh6 16. fxe6 fxe6 17. Bc4 Ng7 18. Qh3 Rf6 19. g4 Qf8 20. g5 Rf3 21. Qg2 h5
22. Rf1 Rxf1+ 23. Bxf1 Qf4 24. Qh3 Rf8 25. Bc4 d5 26. Bd3 Bb4 27. a3 Bxc3 28.
bxc3 dxe4 29. Be2 Rd8 0-1

[Event "CN Seniori 2012"]
[Site "Sarata Monteoru/Romania"]
[Date "2012.02.19"]
[Round "9.23"]
[White "Prodileanu, Adrian"]
[Black "Lupascu, Matei-Alexandru"]
[Result "1-0"]
[WhiteElo "2204"]
[BlackElo "1979"]
[PlyCount "59"]
[EventDate "2012.??.??"]

1. c4 c5 2. g3 Nc6 3. Bg2 g6 4. Nc3 Bg7 5. Nf3 e6 6. d3 Nge7 7. Bg5 h6 8. Bd2
d6 9. a3 Nf5 10. O-O O-O 11. Rb1 Bd7 12. b4 Rb8 13. Qc1 Kh7 14. Bf4 Bxc3 15.
Qxc3 e5 16. Bc1 Ncd4 17. Qd2 cxb4 18. Nxd4 Nxd4 19. Qxh6+ Kg8 20. Bg5 f6 21.
Qxg6+ Kh8 22. Qh5+ Kg8 23. Bd5+ Be6 24. Bh6 Qe7 25. Bxe6+ Nxe6 26. Bxf8 Rxf8
27. Rxb4 Rf7 28. e3 Ng5 29. h4 Rh7 30. Qg4 1-0

[Event "CN Seniori 2012"]
[Site "Sarata Monteoru/Romania"]
[Date "2012.02.19"]
[Round "9.24"]
[White "Stegariu, Vlad-Ionut"]
[Black "Morea, Georgiana-Steluta"]
[Result "1-0"]
[WhiteElo "2202"]
[BlackElo "1882"]
[PlyCount "37"]
[EventDate "2012.??.??"]

1. d4 Nf6 2. c4 g6 3. Nc3 Bg7 4. e4 d6 5. f4 e5 6. fxe5 dxe5 7. d5 Na6 8. Bd3
Nc5 9. Bc2 O-O 10. Nf3 Nh5 11. Be3 Na6 12. O-O Bg4 13. Rb1 b6 14. b4 Qd7 15.
Qd3 c5 16. a3 f5 17. b5 Nb8 18. d6 Qd8 19. Qd5+ {1-0 Stegariu,V (2202)-Morea,G
(1882)/Sarata Monteoru 2012} 1-0

[Event "CN Seniori 2012"]
[Site "Sarata Monteoru/Romania"]
[Date "2012.02.19"]
[Round "9.25"]
[White "Dobre, Mihai"]
[Black "Senetia, Teodor"]
[Result "1/2-1/2"]
[WhiteElo "1975"]
[BlackElo "2198"]
[PlyCount "60"]
[EventDate "2012.??.??"]

1. e4 c5 2. Nf3 d6 3. d4 cxd4 4. Nxd4 Nf6 5. Nc3 Nc6 6. Bc4 Qb6 7. Nb3 e6 8.
Bf4 Ne5 9. Be2 Be7 10. Be3 Qc7 11. Nb5 Qb8 12. f4 Ng6 13. Nc3 O-O 14. Qd2 a6
15. Bf3 Nh4 16. O-O-O b5 17. Bf2 Nxf3 18. gxf3 a5 19. Rhg1 Kh8 20. Bh4 b4 21.
Rxg7 bxc3 22. Qg2 cxb2+ 23. Kb1 Ba6 24. Bxf6 Bxf6 25. Rxh7+ Kxh7 26. Qh3+ Kg7
27. Qg4+ Kh6 28. Qh3+ Kg7 29. Qg4+ Kh6 30. Qh3+ Kg7 1/2-1/2

[Event "CN Seniori 2012"]
[Site "Sarata Monteoru/Romania"]
[Date "2012.02.19"]
[Round "9.26"]
[White "Gheorghiu, Calin"]
[Black "Danilov, Vladimir"]
[Result "1/2-1/2"]
[WhiteElo "2003"]
[BlackElo "2440"]
[PlyCount "85"]
[EventDate "2012.??.??"]

1. e4 e5 2. Nf3 Nc6 3. Bb5 a6 4. Ba4 Nf6 5. d3 b5 6. Bb3 Bc5 7. Nc3 d6 8. Nd5
h6 9. c3 Be6 10. O-O Bxd5 11. exd5 Ne7 12. d4 exd4 13. Nxd4 Qd7 14. a4 O-O 15.
Qd3 Rab8 16. axb5 axb5 17. Ra5 Bxd4 18. Qxd4 c5 19. Qe3 Nexd5 20. Qg3 Kh8 21.
Bxd5 Nxd5 22. Rd1 Rfe8 23. h3 Re5 24. Bf4 Nxf4 25. Qxf4 Rbe8 26. Ra8 Re1+ 27.
Rxe1 Rxa8 28. Rd1 Rd8 29. b4 cxb4 30. cxb4 d5 31. Rd4 Kg8 32. Qf3 Qd6 33. Qd3
Qc6 34. Qd2 h5 35. Qg5 f6 36. Qxh5 Qc1+ 37. Kh2 Qc7+ 38. g3 Qe5 39. Qd1 Qf5 40.
Rf4 Qe5 41. Rd4 Qf5 42. Rf4 Qe5 43. Rd4 1/2-1/2

[Event "CN Seniori 2012"]
[Site "Sarata Monteoru/Romania"]
[Date "2012.02.19"]
[Round "9.27"]
[White "Ursan, Cornel-Marius"]
[Black "Pribeanu, Mihail-Dacian"]
[Result "1-0"]
[WhiteElo "1990"]
[BlackElo "2186"]
[PlyCount "77"]
[EventDate "2012.??.??"]

1. e4 c6 2. d4 d5 3. e5 Bf5 4. Bd3 Bxd3 5. Qxd3 e6 6. Nf3 Qa5+ 7. Nbd2 Qa6 8.
c4 c5 9. O-O Nc6 10. dxc5 Bxc5 11. Qc2 dxc4 12. Nxc4 Nge7 13. Be3 Na5 14. Bxc5
Qxc4 15. Qxc4 Nxc4 16. Rfc1 Nb6 17. Bxe7 Kxe7 18. Rc7+ Nd7 19. Rd1 Rhd8 20.
Rxb7 Rab8 21. Rxa7 Ke8 22. g3 Rxb2 23. a4 Rb3 24. Kg2 Rb4 25. Rd6 Re4 26. a5 h6
27. a6 Ra4 28. Rb7 Nc5 29. Rxd8+ Kxd8 30. Rxf7 Rxa6 31. Rxg7 Ra2 32. Rf7 Ke8
33. Rh7 Ne4 34. Nd4 Rxf2+ 35. Kg1 Re2 36. Rxh6 Nd2 37. Rg6 Rxe5 38. Rxe6+ Rxe6
39. Nxe6 1-0

[Event "CN Seniori 2012"]
[Site "Sarata Monteoru/Romania"]
[Date "2012.02.19"]
[Round "9.28"]
[White "Fulger, Ionut"]
[Black "Tomici, Stefan"]
[Result "1/2-1/2"]
[WhiteElo "1946"]
[BlackElo "2147"]
[PlyCount "91"]
[EventDate "2012.??.??"]

1. d4 d5 2. Nf3 e6 3. e3 c5 4. Bd3 Nf6 5. b3 Nc6 6. Bb2 Bd6 7. a3 Qc7 8. Nbd2
e5 9. dxe5 Nxe5 10. Bxe5 Bxe5 11. Bb5+ Bd7 12. Bxd7+ Nxd7 13. Nxe5 Qxe5 14. O-O
O-O 15. Nf3 Qe6 16. Qd3 Nf6 17. c4 dxc4 18. Qxc4 Qxc4 19. bxc4 Rfd8 20. Rfb1
Rab8 21. Rb3 Ne4 22. Rab1 f6 23. Kf1 b6 24. Ke2 g5 25. R1b2 Nd6 26. Nd2 Nb7 27.
Rc3 Na5 28. Nb3 Nc6 29. h3 Kf7 30. g3 Rbc8 31. Rd2 Rxd2+ 32. Nxd2 Ke6 33. f4
gxf4 34. gxf4 Rg8 35. Kf2 f5 36. Nf3 h6 37. Rd3 a6 38. a4 Nb4 39. Rd2 Rb8 40.
Ne5 b5 41. axb5 axb5 42. cxb5 Rxb5 43. Rd8 Ra5 44. Kf3 Ra3 45. Re8+ Kd5 46.
Rd8+ 1/2-1/2

[Event "CN Seniori 2012"]
[Site "Sarata Monteoru/Romania"]
[Date "2012.02.19"]
[Round "9.29"]
[White "David, Alexandru-Vasile"]
[Black "Malureanu, Costin-George"]
[Result "0-1"]
[WhiteElo "1968"]
[BlackElo "2139"]
[PlyCount "90"]
[EventDate "2012.??.??"]

1. e4 c5 2. Nf3 Nc6 3. d4 cxd4 4. Nxd4 Nf6 5. Nc3 d6 6. Bc4 e6 7. Be3 Be7 8.
Qe2 O-O 9. O-O-O a6 10. Bb3 Qe8 11. Rhg1 Nd7 12. g4 Nc5 13. Kb1 Bd7 14. g5 b5
15. Qh5 Nxd4 16. Rxd4 Nxb3 17. axb3 f5 18. Qxe8 Bxe8 19. exf5 Rxf5 20. Ne4 d5
21. Ng3 Rf8 22. f4 Rc8 23. Rd2 a5 24. h4 a4 25. bxa4 bxa4 26. f5 exf5 27. Rxd5
g6 28. Bf4 Rc4 29. Ne2 Bf7 30. Rd7 Bc5 31. Rf1 Ra8 32. Rfd1 Re8 33. Rd8 Rce4
34. Rxe8+ Bxe8 35. Rd2 Bb5 36. Rd8+ Kf7 37. Nc3 Rxf4 38. Nxb5 Rxh4 39. Rd3 Be7
40. Rd7 Ke6 41. Ra7 Bxg5 42. Nc3 f4 43. Nxa4 Be7 44. Ra6+ Kf7 45. Nc3 f3 0-1

[Event "CN Seniori 2012"]
[Site "Sarata Monteoru/Romania"]
[Date "2012.02.19"]
[Round "9.30"]
[White "Gulie, Cosmin"]
[Black "Adoamnei, Roxana"]
[Result "0-1"]
[WhiteElo "2133"]
[BlackElo "2005"]
[PlyCount "136"]
[EventDate "2012.??.??"]

1. e4 c6 2. d4 d5 3. exd5 cxd5 4. c3 Nc6 5. Nf3 Bg4 6. Be2 e6 7. h3 Bxf3 8.
Bxf3 Bd6 9. Qb3 Qb6 10. Be3 Nge7 11. O-O O-O 12. Nd2 Rfc8 13. Rfe1 Na5 14. Qxb6
axb6 15. Bg5 Kf8 16. Re2 h6 17. Bxe7+ Bxe7 18. Rae1 Bg5 19. Nf1 Nc4 20. a3 b5
21. g3 Ra6 22. h4 Bf6 23. Ne3 g6 24. Nxc4 bxc4 25. h5 Rcc6 26. hxg6 fxg6 27.
Bg4 Kf7 28. f4 Rab6 29. Kg2 h5 30. Bh3 Rd6 31. Kf3 g5 32. fxg5 Bxg5 33. Rc2 Rb3
34. Re5 Bf6 35. Re3 Bg5 36. Ree2 Rdb6 37. Kf2 Bf6 38. a4 h4 39. gxh4 Bxh4+ 40.
Kf3 Bf6 41. Kf4 Bxd4 42. Bg4 Bf6 43. Bh5+ Ke7 44. Rcd2 Rd6 45. Bf3 d4 46. cxd4
Rxd4+ 47. Rxd4 Bxd4 48. Rc2 e5+ 49. Kg4 Rb4 50. Bd5 Rxa4 51. Bxb7 Kd6 52. Be4
Rb4 53. Bg2 Bxb2 54. Bf1 c3+ 55. Kf3 Rf4+ 56. Ke2 Kc5 57. Ke1 Kd4 58. Bb5 Rh4
59. Ke2 e4 60. Ke1 Rh1+ 61. Ke2 Bc1 62. Bc6 Rh2+ 63. Kd1 Bd2 64. Ra2 Kd3 65.
Bb5+ Ke3 66. Bc6 Rh6 67. Bd7 Rh5 68. Bc6 c2+ 0-1

[Event "CN Seniori 2012"]
[Site "Sarata Monteoru/Romania"]
[Date "2012.02.19"]
[Round "9.31"]
[White "Motounu, Vlad-Stefan"]
[Black "Neagu, Liviu"]
[Result "0-1"]
[WhiteElo "1888"]
[BlackElo "2122"]
[PlyCount "46"]
[EventDate "2012.??.??"]

1. d4 Nf6 2. Nf3 g6 3. Nc3 d5 4. Bf4 Bg7 5. e3 O-O 6. Be2 Bf5 7. Ne5 Nbd7 8. g4
Be6 9. h4 c5 10. h5 Qa5 11. f3 Rac8 12. hxg6 fxg6 13. O-O Nb6 14. Kg2 Na4 15.
Nxa4 Qxa4 16. b3 Qa5 17. Rh1 cxd4 18. exd4 Qc3 19. Bd3 Nxg4 20. Rxh7 Rxf4 21.
fxg4 Bxe5 22. dxe5 Kxh7 23. g5 Kg7 0-1

[Event "CN Seniori 2012"]
[Site "Sarata Monteoru/Romania"]
[Date "2012.02.19"]
[Round "9.33"]
[White "Mirauta, Stefano-Marius"]
[Black "Popescu, Daniel-Vasilica"]
[Result "0-1"]
[WhiteElo "1823"]
[BlackElo "2069"]
[PlyCount "64"]
[EventDate "2012.??.??"]

1. e4 c5 2. c3 e6 3. d4 cxd4 4. cxd4 d5 5. e5 Nc6 6. Nc3 Nge7 7. Nf3 a6 8. Bd3
b5 9. O-O Ng6 10. Be3 Be7 11. a4 b4 12. Ne2 Bb7 13. Nf4 Nxf4 14. Bxf4 Qb6 15.
b3 Rc8 16. Rc1 h6 17. Bb1 g5 18. Be3 Kd7 19. h3 Rcg8 20. Ne1 h5 21. Nd3 g4 22.
Kh1 Ke8 23. Nc5 gxh3 24. gxh3 Bxc5 25. dxc5 Qc7 26. Bd4 Qe7 27. Bb2 Qh4 28. Qf3
d4 29. Kh2 Nxe5 30. Qxb7 Ng4+ 31. Kg2 Nxf2+ 32. Kf3 Qg3+ 0-1

[Event "CN Seniori 2012"]
[Site "Sarata Monteoru/Romania"]
[Date "2012.02.19"]
[Round "9.35"]
[White "Tufa, Mihai"]
[Black "Stoicescu, Horia"]
[Result "0-1"]
[WhiteElo "2044"]
[BlackElo "1909"]
[PlyCount "106"]
[EventDate "2012.??.??"]

1. e4 c5 2. c3 d6 3. d4 Nd7 4. Nf3 Qc7 5. Be3 Ngf6 6. Bd3 g6 7. h3 Bg7 8. O-O
O-O 9. Qd2 c4 10. Bc2 e5 11. Bh6 Re8 12. Bxg7 Kxg7 13. Re1 Nf8 14. d5 Nh5 15.
Kh2 Nf4 16. Ba4 Re7 17. Ng1 a6 18. g3 Nd3 19. Re2 f5 20. f3 fxe4 21. fxe4 Rf7
22. b4 Rf1 23. Qe3 Qf7 24. Bc2 Bd7 25. Kg2 Rc8 26. a4 g5 27. Bxd3 cxd3 28. Rf2
Rxf2+ 29. Qxf2 Ng6 30. Qxf7+ Kxf7 31. Ra3 g4 32. h4 Ke7 33. Nd2 b5 34. a5 Rf8
35. Ra1 h5 36. Rc1 Nf4+ 37. gxf4 exf4 38. Rf1 Be8 39. Ngf3 gxf3+ 40. Rxf3 Rg8+
41. Kf2 Rg4 42. Rxd3 Rxh4 43. Nf3 Rh3 44. Ne1 Rh4 45. Ng2 Rg4 46. Rf3 Bg6 47.
Rxf4 Bxe4 48. Rxg4 hxg4 49. Ne3 Bf3 50. c4 bxc4 51. b5 c3 52. b6 Kd7 53. Kg3
Bxd5 0-1

[Event "CN Seniori 2012"]
[Site "Sarata Monteoru/Romania"]
[Date "2012.02.19"]
[Round "9.36"]
[White "Pisu, Robert-Daniel"]
[Black "Coman, Liviu"]
[Result "1-0"]
[WhiteElo "2037"]
[BlackElo "1794"]
[PlyCount "85"]
[EventDate "2012.??.??"]

1. d4 Nf6 2. Nf3 e6 3. c4 d5 4. Bg5 c6 5. e3 h6 6. Bh4 Nbd7 7. a3 Qa5+ 8. Nbd2
Be7 9. c5 b5 10. b4 Qa4 11. Nb3 Bd8 12. Ne5 Bb7 13. Be2 a5 14. Nd3 axb4 15.
axb4 Qxb3 16. Qxb3 Rxa1+ 17. Bd1 O-O 18. Qb2 Ra6 19. Nc1 Bc7 20. Bg3 e5 21.
dxe5 Ne4 22. e6 Bxg3 23. hxg3 fxe6 24. O-O Bc8 25. Nb3 e5 26. Bc2 Nef6 27. Bf5
Re8 28. Ra1 Rxa1+ 29. Qxa1 Nxc5 30. Bxc8 Nxb3 31. Qa6 c5 32. bxc5 Nxc5 33. Qc6
Nce4 34. Be6+ Kh8 35. Bxd5 Rd8 36. Bb3 Rd3 37. Qa8+ Kh7 38. Bc2 Rd7 39. Bxe4+
g6 40. f3 b4 41. Qc6 Kg7 42. Qb5 h5 43. Qxb4 1-0

[Event "CN Seniori 2012"]
[Site "Sarata Monteoru/Romania"]
[Date "2012.02.19"]
[Round "9.37"]
[White "Tiron, Lucian-Ilie"]
[Black "Anuta, Elefterie-Laurentiu"]
[Result "1-0"]
[WhiteElo "1846"]
[BlackElo "2017"]
[PlyCount "97"]
[EventDate "2012.??.??"]

1. e4 d6 2. d4 g6 3. Nc3 Bg7 4. Be3 Nf6 5. f3 c6 6. Qd2 b5 7. Bd3 a5 8. Nge2 b4
9. Nd1 O-O 10. Bh6 c5 11. Bxg7 Kxg7 12. dxc5 dxc5 13. Qg5 Nbd7 14. Ne3 e6 15.
O-O Nh5 16. f4 f6 17. Qg4 f5 18. exf5 exf5 19. Qf3 Rb8 20. Nxf5+ gxf5 21. Qxh5
Qf6 22. Rf3 Kh8 23. Rh3 Rf7 24. Bc4 Re7 25. Rg3 Bb7 26. c3 Be4 27. Bd3 Rbe8 28.
Bb5 Rb8 29. Bd3 Nb6 30. Rh3 Rg8 31. Bxe4 fxe4 32. Qxc5 Reg7 33. Rg3 bxc3 34.
bxc3 a4 35. Rd1 Rxg3 36. hxg3 Rc8 37. Qb4 Nc4 38. Qxa4 Qb6+ 39. Rd4 Ne3 40. Qb3
Qa7 41. Qe6 Rf8 42. Qe5+ Kg8 43. Kh1 Qxa2 44. Rxe4 Qxe2 45. Rxe3 Qc2 46. Qg5+
Kh8 47. Re7 Qxc3 48. Qh6 Qe1+ 49. Rxe1 1-0

[Event "CN Seniori 2012"]
[Site "Sarata Monteoru/Romania"]
[Date "2012.02.19"]
[Round "9.40"]
[White "Toma, Mihail"]
[Black "Deac, Bogdan-Daniel"]
[Result "0-1"]
[WhiteElo "1964"]
[BlackElo "1795"]
[PlyCount "116"]
[EventDate "2012.??.??"]

1. d4 Nf6 2. Nf3 g6 3. Bg5 Bg7 4. e3 d6 5. c3 Nbd7 6. a4 O-O 7. Qb3 e5 8. dxe5
dxe5 9. Be2 Nc5 10. Qd1 Qxd1+ 11. Kxd1 Nfe4 12. Bh4 Be6 13. Nbd2 f6 14. Bc4 Kf7
15. Bxe6+ Kxe6 16. Nxe4 Nxe4 17. Ke2 h5 18. h3 Rad8 19. Rad1 Rd6 20. Rxd6+ cxd6
21. Nd2 Nc5 22. a5 g5 23. Bg3 f5 24. f3 d5 25. Bf2 e4 26. Ra1 Nd3 27. Rb1 Rc8
28. Nb3 Rc4 29. fxe4 fxe4 30. Bg3 b6 31. axb6 axb6 32. Bb8 b5 33. Nc1 Nxc1+ 34.
Rxc1 b4 35. Kd2 bxc3+ 36. bxc3 Ra4 37. Bc7 Ra2+ 38. Rc2 Ra1 39. g3 Rh1 40. h4
gxh4 41. gxh4 Rxh4 42. c4 d4 43. exd4 Bxd4 44. Ra2 Kd7 45. Bb8 Rg4 46. Ra6 Kc8
47. Bd6 h4 48. c5 Kd7 49. Ra7+ Kc6 50. Rc7+ Kd5 51. Rd7 Rg2+ 52. Kd1 h3 53.
Bb8+ Kxc5 54. Rh7 Kc4 55. Rxh3 e3 56. Bf4 Kd3 57. Rg3 Ra2 58. Bxe3 Bxe3 0-1

[Event "CN Seniori 2012"]
[Site "Sarata Monteoru/Romania"]
[Date "2012.02.19"]
[Round "9.41"]
[White "Baciu, Alexandru"]
[Black "Fugulyan, Grigore"]
[Result "1/2-1/2"]
[WhiteElo "1688"]
[BlackElo "1958"]
[PlyCount "20"]
[EventDate "2012.??.??"]

1. d4 Nf6 2. c4 d6 3. Nc3 g6 4. e4 Bg7 5. f3 O-O 6. Be3 Nc6 7. Nge2 e5 8. d5
Ne7 9. Qd2 Ne8 10. O-O-O f5 1/2-1/2